000 00709nam a2200289Ia 4500
005 20260324150427.0
008 008 260324s9999 xx 000 0 eng d
020 _a9781003470168
037 _aEBOOK
040 _aCRL
040 _beng
040 _cCRL
041 _2eng
041 _aeng
084 _qCRL
100 _aAngela Tuckett
_91226380
245 4 _aThe Scottish Carter
245 4 _bThe History of the Scottish Horse and Motormen's Association 1898-1964
260 _bTaylor and Francis
260 _c1967
365 _a
365 _b195
856 _uhttp://www.taylorfrancis.com/books/9781003470168
942 _cEBOOK
999 _c1835812
_d1835812